Number Theory : (Record no. 168028)

MARC details
000 -LEADER
fixed length control field 00699nam a22001937a 4500
005 - DATE AND TIME OF LATEST TRANSACTION
control field 20190925125603.0
010 ## - LCCN (DPL NO)
LC control number ENG-126543
020 ## - INTERNATIONAL STANDARD BOOK NUMBER
Terms of availability 429.00
International Standard Book Number 9789353433079
035 ## - SYSTEM CONTROL NUMBER
System control number EN-110075
037 ## - SOURCE OF ACQUISITION
Source of stock number/acquisition DBAD/PUB
082 ## - DEWEY DECIMAL CLASSIFICATION NUMBER
Classification number 512.81
Edition number 4th
100 ## - MAIN ENTRY--PERSONAL NAME
Personal name Silverman ,Joseph H
245 ## - TITLE STATEMENT
Title Number Theory :
Statement of responsibility, etc Joseph H Silverman
Remainder of title A freindly introduction to /
260 ## - PUBLICATION, DISTRIBUTION, ETC. (IMPRINT)
Place of publication, distribution, etc Noida
Name of publisher, distributor, etc Pearson India education services pvt. ltd
Date of publication, distribution, etc 2019
270 ## - ADDRESS
City U.P
Address 15th floor,tower-b,world trade tower ,plot no. 1,bllock -c,sector 16 Noida
Postal code 201301
Electronic mail address companysecretary.india@pearson.com
Telephone number 04466540100
300 ## - PHYSICAL DESCRIPTION
Extent ix395p.
Dimensions 23cm,(pbk)
500 ## - GENERAL NOTE
General note including index
942 ## - ADDED ENTRY ELEMENTS (KOHA)
Source of classification or shelving scheme Dewey Decimal Classification
Item type English Books
Classification part 512.81
Call number suffix SIL
Holdings
Withdrawn status Lost status Not for loan Collection code Home library Current library Date acquired Source of acquisition Cost, normal purchase price Full call number Barcode Copy number Cost, replacement price Koha item type
      Non-fiction Sarojini Nagar Sarojini Nagar 25/09/2019 DBAD/PUB 429.00 512.81 SIL EN-110075 1 429.00 English Books

© Delhi Public Library
Hit Counter
free hit counter